000 00623nam a22002057a 4500
999 _c10492
_d10492
003 AR-CdUCM
008 190401b ||||| |||| 00| 0 spa d
040 _aMUNICIPALIDAD PROVINCIAL DEL CUSCO
_cBIBLIOTECA MUNICIPAL DEL CUSCO
082 _aES / 869.264 /
_bY94
100 _aYunque, Álvaro
_915631
245 _aJauja /
260 _aBuenos Aires :
_bFuturo S. R. L. ;
_c1959.
300 _a123 páginas ;
_c20cm
440 _aColección Muchachos
_n5
_927382
505 _aContenido : Cuentos
650 _aCuentos argentinos
_92794
650 _aLiteratura juvenil
_91580
942 _2ddc
_cLIBROS
945 _anom